Interaktívny typ otázky a možnosti implementácie interaktívnych testov do LMS Moodle

Implementácia interaktívnych testov do prostredia LMS Moodle. Vytvorenie interaktívneho virtuálneho vzdelávacieho prostredia. Štruktúra jadra a databázy v LMS Moodle. Funkčnosť a využiteľnosť jednotlivých e-learningových systémov.

Salvato in:
Dettagli Bibliografici
Autore principale: Magdin, Martin
Natura: Capitolo di libro
Lingua:slovacco
Soggetti:
Tags: Aggiungi Tag
Nessun Tag, puoi essere il primo ad aggiungerne!!

MARC

LEADER 00000nla$a2200000$$$4500
001 0113425
005 20221128081906.3
041 0 |a slo 
044 |a SK 
245 1 0 |a Interaktívny typ otázky a možnosti implementácie interaktívnych testov do LMS Moodle  |c Martin Magdin 
520 |a Implementácia interaktívnych testov do prostredia LMS Moodle. Vytvorenie interaktívneho virtuálneho vzdelávacieho prostredia. Štruktúra jadra a databázy v LMS Moodle. Funkčnosť a využiteľnosť jednotlivých e-learningových systémov. 
610 2 0 |a vzdelávanie vysokoškolské 
610 2 0 |a vzdelávanie elektronické 
610 2 0 |a systémy interaktívne 
610 2 0 |a systémy databázové 
610 2 0 |a moduly 
610 2 0 |a realita virtuálna 
100 1 |a Magdin, Martin